周辺端末装置ガイドブックー1973.9
Spremljeno u:
| Autor kompanije: | |
|---|---|
| Format: | Knjiga |
| Jezik: | Undetermined |
| Izdano: |
東京
日本電子工業振興協会
1973
|
| Teme: | |
| Oznake: |
Dodaj oznaku
Bez oznaka, Budi prvi tko označuje ovaj zapis!
|
| Thư viện lưu trữ: | Trung tâm Học liệu Trường Đại học Cần Thơ |
|---|
| LEADER | 00606nam a2200181Ia 4500 | ||
|---|---|---|---|
| 001 | CTU_80714 | ||
| 008 | 210402s9999 xx 000 0 und d | ||
| 082 | |a 621.303 | ||
| 082 | |b G946 | ||
| 110 | |a ガイドブック編集小委員会 | ||
| 245 | 0 | |a 周辺端末装置ガイドブックー1973.9 | |
| 245 | 0 | |c ガイドブック編集小委員会 | |
| 260 | |a 東京 | ||
| 260 | |b 日本電子工業振興協会 | ||
| 260 | |c 1973 | ||
| 650 | |a Electronic Apparatus And Appliances | ||
| 904 | |i Ngoc,Hải | ||
| 980 | |a Trung tâm Học liệu Trường Đại học Cần Thơ | ||